=LDR 00000nam 2200000 4500 =001 INLIS000000000061319 =005 20221006090224 =035 ##$$a 0010-1022000060 =007 ta =008 221006###########################0#ind## =020 ##$$a 978-602-5829-02-4 =082 ##$$a 302.2 =084 ##$$a 302.2 Ari k =100 #$$a Arief Risman =245 1#$$a Komunikasi Elegan untuk Meraih Sukses /$c Arief Risman =260 ##$$a Bandung :$b Satu Nusa,$c 2018 =300 ##$$a x, 166 hlm. : $b Ilustrasi ; $c 22 Cm. =600 #4$$a Komunikasi =990 ##$$a 23592359